00940nam a22002657a 450000500170000001000140001702000180003102000230004903500130007203700130008508200120009810000270011024500710013726000480020827000420025630000260029849000470032450000500037165000350042165000240045665000260048094200260050699900170053295201250054920100724133935.0 aENG-96671 a9780070706668 a0070706662c275.00 aEN-80204 bDBAD/PUB a306.461 aScambler, Graham91236 aHealth and social change:ba critical theory /cby Graham Scambler aNew DelhibTata McGraw Hill Educationc2010 a7 West Patel NagarbNew Delhie110053 ax, 188p.c23cm. (Pbk) aIssues in society; edited by Tim May91224 aincludes bibliographical references and index aHealth - social aspects91361 aSocial change91362 aSocial medicine91363 2ddccENh306.461mSCA c37552d37552 001040718NFICaDBADbDBADd2010-07-24eDBAD/PUBg275.00l0o306.461 SCApEN-80204r2010-07-24 00:00:00t1v275.00yEN